000 00292nam a22000977a 4500
999 _c11073
_d11073
008 180824b ||||| |||| 00| 0 eng d
020 _a9788177002225
100 _aArora, S L
_96852
245 _aNew Simplified Physics
_bA Reference Book For Class XII
260 _aNew Delhi
_bDhanpat Rai & Co
_c2018